00783 2200265 4500001002100000005001500021035002000036007000300056008004100059020001400100082002000114084002000134100001400154245005900168250002200227260004800249300001300297500012200310650002000432990001300452990001300465990001300478990001300491990001300504INLIS00000000000776320220218112423 a0010-0222000045ta220218 f f ind  a616172009 a899.221 3 TER d a899.221 3 TER d0 aTere Liye1 aDAUN YANG JATUH TAK PERNAH MEMBENCI ANGIN /cTere Liye aJILID Braille 5/5 aJakarta :bPT GRAMEDIA PUSTAKA UTAMA,c2018 b;c30 cm aDia bagai malaikat bagi keluarga kami. Merengkuh aku, adikku, dan ibu dari kehidupan jalanan yang miskin dan nestapa. 4aFiksi Indonesia a021.5259 a021.5261 a021.5262 a021.5228 a021.5260